00645nam a2200205Ia 4500999001500000020001800015082001600033245002900049260004000078300001400118440004900132504001900181650001700200650002600217650002800243700002000271700002400291942000700315952011700322 c3415d3415 a0-86078-714-1 a340.59 FOR- 0aFormation of Islamic law aAldershotbAshgate Publishingc2004 axl, 417p. aThe Formation of the Classical Islamic World aIncludes index aLaw, Islamic aIslamic law - History aCivil Law (Islamic law) aHallaq, Wael B. aConrad, Lawrence I. cBK 00104070aNASSDOCbNASSDOCd2004-09-09i2004-10-05l0o340.59 FOR-p39513r2019-04-18 00:00:00w2019-04-18yBK